| 000 | 00970nam a22002295i 4500 | ||
|---|---|---|---|
| 001 | 176084 | ||
| 003 | ES-MaACL | ||
| 005 | 20230906220000.0 | ||
| 008 | 101215s1956 sp |||| | spa d | ||
| 080 | _a611.42 | ||
| 245 | 0 | 0 |
_aStatus timo-lymphaticus _b: sobre su posible versión actual / _cpor C. Jiménez Díaz. |
| 260 |
_aMadrid : _bServicio de Medicina Interna Hospital Militar "Gómez Ulla", _c1956. |
||
| 300 |
_a15 p. ; _c17 cm. |
||
| 490 | 1 |
_aCuadernos de medicina interna ; _v30 |
|
| 500 | _aConferencia pronunciada en el Curso de Patología de los Ganglios linfáticos, organizado por el Dr. J. P. d'Ors en el Hospital Militar de Carabanchel. Mayo, 1955. | ||
| 650 | 0 | 4 |
_aSistema linfático- _xHistología patológica. _9144327 |
| 700 | 1 |
_aDíaz Jiménez, C. _944313 |
|
| 710 | 2 |
_aHospital Militar Central "Gómez Ulla" _9141700 |
|
| 830 | 0 |
_aCuadernos de medicina interna ; _v30 _9183827 |
|
| 852 |
_aES-MaACL _j2086-F-15 |
||
| 999 |
_c176084 _d176084 |
||